000 00267nam a2200097Ia 4500
008 230915s9999 xx 000 0 und d
050 _aTX 911.3.P4 T47 2010
100 _aTESONE ,DANA
245 0 _aPRINCIPLES OF MANAGEMENT FOR THE HOSPITALITY INDUSTRY
942 _cBK
999 _c206139
_d206139